00860nam a2200193 a 450000100100000000500170001000800410002704000250006810000380009324501230013126000690025430000210032349000640034450400310040870000370043983000680047695201050054499900170064900004113720250924073803.0130919s2008 dr 000 0 spa d aDO-SdBNPbspacBNPHU1 aGrullón Torres, Pedro B.91903610aLatín básico :bgramática, frase latinas y vocabulario /cPedro B. Grullón Torres ; prólogo Anibal Campagna. aSanto Domingo :bUniversidad Autónoma de Santo Domingo,c2008. a292 p. ;c22 cm.1 aPublicaciones de la Universidad Autónoma de Santo Domingo aBibligrafía : p. 290-2921 aCampagna, Anibalepról.967682 aPublicaciones de la Universidad Autónoma de Santo Domingo952 0010718PDaPDbPDcCTd2013-09-19iLF1l0o p41137-10r2020-06-25w2020-06-25yLFPDZNo se presta c40627d40627